000
00298nam a22001337a 4500
020
_a
978-81-7223-613-7
082
_a
823
_b
GHO/H
100
_a
GHOSH, AMITAV
245
_a
THE HUNGRY TIDE
260
_a
LONDON
_b
HARPER COLLINS
_c
2009
300
_a
403
650
_a
NOVEL
_z
UNITED KINGDOM
942
_c
BK
999
_c
3039
_d
3039